<?xml version="1.0" encoding="UTF-8"?>
<record
    xmlns:xsi="http://www.w3.org/2001/XMLSchema-instance"
    xsi:schemaLocation="http://www.loc.gov/MARC21/slim http://www.loc.gov/standards/marcxml/schema/MARC21slim.xsd"
    xmlns="http://www.loc.gov/MARC21/slim">

  <leader>00558nam a22001697a 4500</leader>
  <controlfield tag="005">20260112112758.0</controlfield>
  <controlfield tag="008">260112b        |||||||| |||| 00| 0 eng d</controlfield>
  <datafield tag="020" ind1=" " ind2=" ">
    <subfield code="a">978-1-098-12597-4</subfield>
  </datafield>
  <datafield tag="100" ind1=" " ind2=" ">
    <subfield code="a">GERON, AURELIEN</subfield>
  </datafield>
  <datafield tag="245" ind1=" " ind2=" ">
    <subfield code="a">HANDS-ON MACHINE LEARNING WITH SCIKIT-LEARN, KERAS AND TENSORFLOW</subfield>
    <subfield code="b">CONCEPTS, TOOLS AND TECHNIQUES TO BUILD INTELLIGENT SYSTEMS</subfield>
  </datafield>
  <datafield tag="250" ind1=" " ind2=" ">
    <subfield code="a">3RD ED</subfield>
  </datafield>
  <datafield tag="260" ind1=" " ind2=" ">
    <subfield code="a">SEBASTOPOL</subfield>
    <subfield code="b">O`REILLY</subfield>
    <subfield code="c">2023</subfield>
  </datafield>
  <datafield tag="300" ind1=" " ind2=" ">
    <subfield code="a">XXV,834P.</subfield>
  </datafield>
  <datafield tag="500" ind1=" " ind2=" ">
    <subfield code="a">INCLUDES INDEX</subfield>
  </datafield>
  <datafield tag="650" ind1=" " ind2=" ">
    <subfield code="a">1. MACHINE LEARNING 2. ARTIFICIAL INTELLIGENCE</subfield>
  </datafield>
  <datafield tag="942" ind1=" " ind2=" ">
    <subfield code="2">lcc</subfield>
    <subfield code="c">CF</subfield>
  </datafield>
  <datafield tag="999" ind1=" " ind2=" ">
    <subfield code="c">216450</subfield>
    <subfield code="d">216450</subfield>
  </datafield>
  <datafield tag="952" ind1=" " ind2=" ">
    <subfield code="0">0</subfield>
    <subfield code="1">0</subfield>
    <subfield code="2">lcc</subfield>
    <subfield code="4">0</subfield>
    <subfield code="6">Q03255 G47  02023</subfield>
    <subfield code="7">0</subfield>
    <subfield code="8">SCT</subfield>
    <subfield code="9">374468</subfield>
    <subfield code="a">KSUL</subfield>
    <subfield code="b">KSUL</subfield>
    <subfield code="c">DISPLAY</subfield>
    <subfield code="d">2026-01-12</subfield>
    <subfield code="i">110641</subfield>
    <subfield code="l">2</subfield>
    <subfield code="o">Q 325.5 .G47 2023</subfield>
    <subfield code="p">000000017881</subfield>
    <subfield code="r">2026-04-06 10:06:20</subfield>
    <subfield code="s">2026-04-06</subfield>
    <subfield code="t">C.1</subfield>
    <subfield code="w">2026-01-12</subfield>
    <subfield code="y">CF</subfield>
  </datafield>
  <datafield tag="952" ind1=" " ind2=" ">
    <subfield code="0">0</subfield>
    <subfield code="1">0</subfield>
    <subfield code="2">lcc</subfield>
    <subfield code="4">0</subfield>
    <subfield code="6">Q03255 G47  02023</subfield>
    <subfield code="7">0</subfield>
    <subfield code="8">SCT</subfield>
    <subfield code="9">374469</subfield>
    <subfield code="a">KSUL</subfield>
    <subfield code="b">KSUL</subfield>
    <subfield code="c">DISPLAY</subfield>
    <subfield code="d">2026-01-12</subfield>
    <subfield code="i">110642</subfield>
    <subfield code="l">1</subfield>
    <subfield code="o">Q 325.5 .G47 2023</subfield>
    <subfield code="p">000000017882</subfield>
    <subfield code="r">2026-04-20 19:23:40</subfield>
    <subfield code="s">2026-04-06</subfield>
    <subfield code="t">C.2</subfield>
    <subfield code="w">2026-01-12</subfield>
    <subfield code="y">CF</subfield>
  </datafield>
  <datafield tag="952" ind1=" " ind2=" ">
    <subfield code="0">0</subfield>
    <subfield code="1">0</subfield>
    <subfield code="2">lcc</subfield>
    <subfield code="4">0</subfield>
    <subfield code="6">Q03255 G47  02023</subfield>
    <subfield code="7">0</subfield>
    <subfield code="8">SCT</subfield>
    <subfield code="9">374470</subfield>
    <subfield code="a">KSUL</subfield>
    <subfield code="b">KSUL</subfield>
    <subfield code="c">DISPLAY</subfield>
    <subfield code="d">2026-01-12</subfield>
    <subfield code="i">110643</subfield>
    <subfield code="l">0</subfield>
    <subfield code="o">Q 325.5 .G47 2023</subfield>
    <subfield code="p">000000018795</subfield>
    <subfield code="r">2026-01-12 11:29:00</subfield>
    <subfield code="t">C.3</subfield>
    <subfield code="w">2026-01-12</subfield>
    <subfield code="y">CF</subfield>
  </datafield>
  <datafield tag="952" ind1=" " ind2=" ">
    <subfield code="0">0</subfield>
    <subfield code="1">0</subfield>
    <subfield code="2">lcc</subfield>
    <subfield code="4">0</subfield>
    <subfield code="6">Q03255 G47  02023</subfield>
    <subfield code="7">0</subfield>
    <subfield code="8">SCT</subfield>
    <subfield code="9">374471</subfield>
    <subfield code="a">KSUL</subfield>
    <subfield code="b">KSUL</subfield>
    <subfield code="c">DISPLAY</subfield>
    <subfield code="d">2026-01-12</subfield>
    <subfield code="i">110644</subfield>
    <subfield code="l">0</subfield>
    <subfield code="o">Q 325.5 .G47 2023</subfield>
    <subfield code="p">000000018796</subfield>
    <subfield code="r">2026-01-12 11:29:00</subfield>
    <subfield code="t">C.4</subfield>
    <subfield code="w">2026-01-12</subfield>
    <subfield code="y">CF</subfield>
  </datafield>
</record>
